[Event "GLC Masters"]
[Site "London"]
[Date "1986.??.??"]
[Round "12"]
[White "Carton, Patrick"]
[Black "Needham, Teresa"]
[Result "1/2-1/2"]
[WhiteElo "2295"]
[BlackElo "2120"]

1.Nf3 d5 2.g3 c5 3.c4 e6 4.Bg2 Nc6 5.O-O Nf6 6.d3 Be7 7.b3 O-O 8.Bb2 d4 9.Nbd2 e5
10.b4 cxb4 11.a3 bxa3 12.Bxa3 Bxa3 13.Rxa3 Qe7 14.Qa1 Bg4 15.Rb1 Rad8 16.Qb2 e4
17.dxe4 Nxe4 18.Nxe4 Qxe4 19.Rd1 Qe7 20.Rad3 b6 21.R1d2 Rfe8 22.h3 Bxf3 23.Bxf3 Ne5
24.Rxd4 Rxd4 25.Qxd4 Nxf3+ 26.exf3 h6 27.Kg2 Qc7 28.h4 Rc8 29.Qe4 a5 30.g4 Rd8
31.Re2 a4 32.g5 Qd6 33.f4 Qd7 34.Re3 Qg4+ 35.Rg3 Qxh4 36.g6 Qf6 37.gxf7+ Qxf7
38.Qc6 Qa7 39.Qxh6 Qb7+ 40.Kh2 Re8 41.Qg5 Re6 42.Qd8+ Kf7 43.Rg5 Qe7 44.Rf5+  1/2-1/2

[Event "GLC Masters"]
[Site "London"]
[Date "1986.??.??"]
[Round "12"]
[White "McDonald, Neil R"]
[Black "Crawley, Gavin"]
[Result "1-0"]
[WhiteElo "2320"]
[BlackElo "2335"]

1.Nf3 d5 2.g3 c5 3.Bg2 Nc6 4.O-O e5 5.d3 Nf6 6.c4 d4 7.b4 cxb4 8.a3 bxa3
9.Qa4 Nd7 10.Bxa3 Be7 11.Bxe7 Qxe7 12.Nh4 O-O 13.Bxc6 bxc6 14.Nf5 Qg5 15.Qxc6 Nb6
16.c5 Bxf5 17.cxb6 Rac8 18.Qb5 Bh3 19.b7 Qc1 20.Nd2 Qxd2 21.bxc8=Q Rxc8 22.Rfe1 f6
23.Qa5 Qc3 24.Qxc3 dxc3 25.Rec1 Be6 26.Rxa7 c2 27.Kf1 Bb3 28.Ke1 e4 29.Kd2 exd3
30.exd3 h5 31.Ra3 Rb8 32.Kc3  1-0

[Event "GLC Masters"]
[Site "London"]
[Date "1986.??.??"]
[Round "14"]
[White "McDonald, Neil R"]
[Black "Needham, Teresa"]
[Result "1-0"]
[WhiteElo "2320"]
[BlackElo "2120"]

1.Nf3 d5 2.g3 c5 3.Bg2 Nc6 4.O-O Nf6 5.d3 Bg4 6.Nbd2 e6 7.e4 dxe4 8.dxe4 Be7
9.h3 Bh5 10.c3 O-O 11.Qc2 Qc7 12.Nc4 Nd7 13.Bf4 e5 14.Bd2 Nb6 15.Ne3 Rfd8
16.a4 Bg6 17.Rfe1 Nd5 18.Nxd5 Rxd5 19.a5 a6 20.Qa4 Rd3 21.Re3 Qd7 22.Rxd3 Qxd3
23.Be3 Qb5 24.Nd2 Qxa4 25.Rxa4 Rd8 26.Bf3 f6 27.Be2 Bf7 28.Bc4 Bxc4 29.Nxc4 Rd1+
30.Kg2 Rb1 31.Ra3 Na7 32.Rb3 Nb5 33.Nd2 Ra1 34.c4 Nd6 35.Bxc5 Nxc4 36.Bxe7 Nxd2
37.Rxb7 Nxe4 38.Ba3 Nd2 39.Bb4 Nc4 40.Ra7 Nxb2 41.Rxa6 Nd3 42.Bd2 Rd1 43.Be3 e4
44.g4 Kf7 45.Ra7+ Kg8 46.a6 g5 47.Re7 Ra1 48.a7 Kf8 49.Rxh7 Kg8 50.Rc7 Ne1+
51.Kg3 Nf3 52.Rc1  1-0

[Event "Lugano op"]
[Site "Lugano"]
[Date "1986.??.??"]
[Round "?"]
[White "Kortschnoj, Viktor"]
[Black "Flear, Glenn C"]
[Result "1-0"]
[WhiteElo "2635"]
[BlackElo "2485"]

1.Nf3 d5 2.g3 Nf6 3.Bg2 c6 4.O-O Bg4 5.d3 e6 6.Qe1 Nbd7 7.e4 dxe4 8.dxe4 e5
9.Nbd2 Bc5 10.Nc4 Qe7 11.Ne3 h5 12.a3 O-O-O 13.b4 Bd6 14.Nh4 g6 15.c4 Nh7
16.h3 Be6 17.Qc3 Kb8 18.Rd1 Bc7 19.Bb2 Ng5 20.Kh2 Nf6 21.Qc2 Bc8 22.b5 Ne6
23.bxc6 Nd4 24.Bxd4 exd4 25.cxb7 Bxh3 26.Nd5 Nxd5 27.cxd5 Bg4 28.Kg1 Bxd1
29.Rxd1 Qxa3 30.Nf3 Qc3 31.Qb1 Bb6 32.Ne5 Rd6 33.Rc1 Qa3 34.Nc4 Qc5 35.e5 Rdd8
36.Nd6 Qa3 37.Qc2  1-0

[Event "Lugano op"]
[Site "Lugano"]
[Date "1986.??.??"]
[Round "?"]
[White "Gutman, Lev"]
[Black "Seirawan, Yasser"]
[Result "0-1"]
[WhiteElo "2445"]
[BlackElo "2605"]

1.Nf3 d5 2.g3 Nf6 3.Bg2 Bf5 4.d3 e6 5.Nbd2 h6 6.O-O Bh7 7.c4 c6 8.cxd5 cxd5
9.Ne5 Bd6 10.Qa4+ Nbd7 11.Ndf3 O-O 12.Nxd7 Qxd7 13.Qxd7 Nxd7 14.Be3 Rfc8
15.Rac1 Kf8 16.Nd4 Ke7 17.Nb5 Bc5 18.Bxc5+ Nxc5 19.Rc2 Nxd3 20.Rxc8 Rxc8
21.exd3 Bxd3 22.Nxa7 Ra8 23.Re1 Kd6 24.Re3 Ba6 25.Rf3 f6 26.Ra3 Rxa7 27.Bf1 Kc5
28.Rc3+ Bc4 29.Bxc4 dxc4 30.a3 Ra6 31.Kf1 Rb6 32.Rc2 e5 33.Ke2 Rb3 34.h4 g6
35.Rd2 b5 36.Rc2 e4 37.Rd2 f5 38.Rc2 Rd3 39.Rc1 Kb6 40.h5 gxh5 41.Rh1 Rb3
42.Rxh5 Rxb2+ 43.Ke3 Rb3+ 44.Ke2 Rxa3 45.Rxf5 b4 46.Re5 b3 47.Re8 Kc5  0-1

[Event "URS-ch sf"]
[Site "Lvov"]
[Date "1986.??.??"]
[Round "36"]
[White "Seredenko, Vladimir"]
[Black "Shabanov, Yuri"]
[Result "1/2-1/2"]
[WhiteElo "2370"]
[BlackElo "2405"]

1.Nf3 d5 2.g3 Nf6 3.Bg2 c6 4.b3 Bg4 5.h3 Bxf3 6.exf3 e5 7.O-O Bd6 8.d4 O-O
9.Bb2 Nbd7 10.Nd2 exd4 11.Bxd4 Be5 12.Bxe5 Nxe5 13.f4 Ned7 14.c4 dxc4 15.Nxc4 Nb6
16.Qc2 Nxc4 17.Qxc4 Qd7 18.Rae1 Rae8 19.Bf3 a5 20.a3 Qc7 21.Qc5 Rxe1 22.Rxe1 Re8
23.Re3 Rxe3 24.fxe3 h5 25.g4 Qd7 26.Qd4 Qxd4 27.exd4 hxg4 28.hxg4 Nd5 29.Bxd5  1/2-1/2

[Event "SWE-ch"]
[Site "Malmo"]
[Date "1986.??.??"]
[Round "?"]
[White "Karlsson, Lars"]
[Black "Hector, Jonny"]
[Result "1-0"]
[WhiteElo "2480"]
[BlackElo "2465"]

1.Nf3 d5 2.g3 c6 3.Bg2 Bg4 4.O-O Nd7 5.d3 e5 6.c4 dxc4 7.dxc4 Ngf6 8.h3 Bxf3
9.Bxf3 Bc5 10.Nc3 Qe7 11.Bg2 O-O 12.Qc2 Rfe8 13.Na4 Bd6 14.Be3 e4 15.Rad1 Rac8
16.Nc3 Bc5 17.Bxc5 Nxc5 18.e3 a5 19.Rd2 Qe6 20.Rfd1 h5 21.Rd6 Qe5 22.a3 b5
23.b4 axb4 24.axb4 Nb7 25.R6d4 c5 26.bxc5 Qxc5 27.Nxe4 Nxe4 28.Bxe4 Na5 29.Bf5 Nxc4
30.Rd5 Qf8 31.Bxc8 Rxc8 32.Qf5 Ra8 33.Qxh5 g6 34.Qh4  1-0

[Event "SWE-ch"]
[Site "Malmo"]
[Date "1986.??.??"]
[Round "?"]
[White "Karlsson, Lars"]
[Black "Wiedenkeller, Michael"]
[Result "1-0"]
[WhiteElo "2480"]
[BlackElo "2460"]

1.Nf3 d5 2.g3 Nf6 3.Bg2 e6 4.O-O Be7 5.c4 O-O 6.b3 c5 7.Bb2 b6 8.e3 Bb7 9.d3 dxc4
10.bxc4 Nc6 11.Qe2 Qc7 12.Nc3 a6 13.Rab1 Rab8 14.Ba1 Na7 15.d4 cxd4 16.exd4 Rfc8
17.Rfd1 Qxc4 18.Qxc4 Rxc4 19.Rxb6 Rb4 20.Rb1 Rxb6 21.Rxb6 Bd8 22.Rb3 Bc7
23.Bb2 Bc6 24.Nd2 Bxg2 25.Kxg2 Nb5 26.Na4 Rd8 27.Nc5 Nxd4 28.Rd3 Nc6 29.Rxd8+ Bxd8
30.Nxa6 Nd5 31.Nb3 e5 32.Nac5 f5 33.a4 Kf7 34.Nb7 Bb6 35.a5 Ba7 36.Nd6+ Ke6
37.Nb5 g5 38.Ba3 Kd7 39.Nxa7 Nxa7 40.Nc5+ Kc6 41.Ne6 Nb5 42.Bb2 e4 43.Nxg5 Nd6
44.Nxh7 Nc4 45.Bg7 Nxa5 46.h4 f4 47.g4 Nc4 48.Ng5 Nd2 49.h5 f3+ 50.Kg1 e3
51.fxe3 Nxe3 52.Nxf3 Nxf3+ 53.Kf2 Ng5 54.Kxe3 Kd7 55.Kf4 Ne6+ 56.Ke5 Ke7
57.Bf6+ Kf7 58.g5 Nf8 59.Kf5 Ng6 60.hxg6+  1-0

[Event "URS-ch otbor"]
[Site "Minsk"]
[Date "1986.??.??"]
[Round "?"]
[White "Kengis, Edvins"]
[Black "Yakovich, Yuri"]
[Result "0-1"]
[WhiteElo "2475"]
[BlackElo "2440"]

1.Nf3 d5 2.g3 c6 3.Bg2 Bg4 4.c4 e6 5.Ne5 Bf5 6.cxd5 exd5 7.O-O Nd7 8.d4 Bd6
9.Bf4 Bxe5 10.dxe5 Ne7 11.Nc3 Ng6 12.e4 Bxe4 13.Nxe4 dxe4 14.Qd4 Nxf4 15.gxf4 f5
16.exf6 Nxf6 17.Qc4 Qd5 18.Qb4 O-O-O 19.a4 Qd2 20.Qc5 Kb8 21.Qe5+ Ka8 22.a5 Rd5
23.Qc7 Rd7 24.Qe5 Re8 25.Qg5 a6 26.Rfe1 Qxb2 27.Bf1 Rd2 28.Rab1 Qd4 29.Qg3 Nd5  0-1

[Event "URS-ch otbor"]
[Site "Minsk"]
[Date "1986.??.??"]
[Round "?"]
[White "Vyzmanavin, Alexey"]
[Black "Yakovich, Yuri"]
[Result "1/2-1/2"]
[WhiteElo "2470"]
[BlackElo "2440"]

1.Nf3 d5 2.g3 c6 3.Bg2 Bg4 4.c4 e6 5.b3 Nd7 6.Bb2 Ngf6 7.O-O Bd6 8.d4 O-O
9.Nbd2 Qe7 10.Ne5 Bf5 11.Qc1 Ne4 12.Nxe4 Bxe4 13.f3 Bf5 14.Nxd7 Qxd7 15.e4 Bg6
16.e5 Be7 17.f4 b5 18.Rd1 a5 19.c5 a4 20.b4 f5 21.exf6 gxf6 22.Re1 Rae8 23.Qe3 Bd8
24.g4 h5 25.h3 hxg4 26.hxg4 f5 27.g5 Bc7 28.Kf2 Kg7 29.Rh1 Rh8 30.Rae1 Rxh1
31.Rxh1 Rh8 32.Rxh8 Kxh8 33.Bc1 Kg8 34.Bf3 Qe8 35.Qe1 Kg7  1/2-1/2

[Event "Minsk Int"]
[Site "Minsk"]
[Date "1986.??.??"]
[Round "?"]
[White "Dorfman, Josif D"]
[Black "Balashov, Yuri S"]
[Result "1/2-1/2"]
[WhiteElo "2520"]
[BlackElo "2530"]

1.Nf3 d5 2.g3 e6 3.Bg2 c5 4.O-O Nc6 5.d4 cxd4 6.Nxd4 Bc5 7.Nb3 Bb6 8.c4 Nge7
9.cxd5 Nxd5 10.Bd2 e5 11.Nc3 Nxc3 12.Bxc3 Qe7 13.Nd2 O-O 14.Nc4 Rd8 15.Qa4 Bd4
16.Bxd4 exd4 17.Bxc6 bxc6 18.Nb6 Rb8 19.Nxc8 Rdxc8 20.Qxd4 Qxe2 21.b3 c5
22.Qa4 a6 23.Rac1 Qb5 24.Qf4 h6 25.Rc4 Rb7 26.Rfc1 a5 27.Qe5 Rbc7 28.Rg4 g6
29.h4 Qd7 30.Rgc4 Re8 31.Qf4 h5 32.Qf3 Qd6 33.Qc3 Re2 34.Qxa5 Rce7 35.Qxc5 Qxc5
36.Rxc5 Rxa2 37.R5c2 Ra5 38.Rb2 Rb5 39.Rc4 Kg7 40.b4 Ree5 41.Kg2 Rb6 42.Kf3 Rbe6
43.Rd2 Re1 44.Rb2 Rf6+ 45.Rf4 Rb6 46.Kg2 Rb7 47.f3 Rd7 48.Re4 Rc1 49.b5 Rc5
50.b6 Rb7 51.Rd4 Rc6 52.Rdb4 Re6 53.g4 hxg4 54.fxg4 Rf6 55.Kg3 Kg8 56.Rb5 Kg7
57.R2b4 Kf8 58.g5 Re6 59.Kg4 Kg7 60.h5 gxh5+ 61.Kxh5 f6 62.Rb1 fxg5 63.Kxg5 Kf7
64.Kf5 Ke7 65.Re5 Rxe5+ 66.Kxe5 Kd7 67.Kd5 Kc8  1/2-1/2

[Event "Moscow-B"]
[Site "Moscow"]
[Date "1986.??.??"]
[Round "?"]
[White "Vasiukov, Evgeni"]
[Black "Zaitsev, Igor A"]
[Result "1-0"]
[WhiteElo "2480"]
[BlackElo "2400"]

1.g3 d5 2.Nf3 Nf6 3.Bg2 e6 4.O-O Be7 5.d3 O-O 6.Nbd2 Nc6 7.e4 dxe4 8.dxe4 e5
9.c3 a5 10.Qe2 Be6 11.Nc4 Ng4 12.h3 Bxc4 13.Qxc4 Nf6 14.Be3 a4 15.Rfd1 Qb8
16.Bf1 Kh8 17.b3 axb3 18.axb3 Rd8  1-0

[Event "Moscow"]
[Site "Moscow"]
[Date "1986.??.??"]
[Round "?"]
[White "Romanishin, Oleg M"]
[Black "Raicevic, Vladimir"]
[Result "1/2-1/2"]
[WhiteElo "2560"]
[BlackElo "2485"]

1.Nf3 d5 2.g3 e6 3.Bg2 Nf6 4.O-O Nbd7 5.d4 b5 6.Ne5 c5 7.c3 Bb7 8.Nd2 cxd4
9.cxd4 Nxe5 10.dxe5 Nd7 11.Nf3 Be7 12.Be3 O-O 13.Rc1 Qa5 14.Qd4 Rfc8 15.Rxc8+ Rxc8
16.Qxa7 Qxa7 17.Bxa7 Ra8 18.Bd4 Rxa2 19.Rc1 Bd8 20.Bf1 b4 21.e3 h6 22.Ne1 Nb8
23.Nd3 Na6 24.f4 Kf8 25.Be2 Ke8 26.Kf1 Kd7 27.Rb1 Ra5 28.Ke1 Be7 29.b3 Bc6
30.Ra1 Rxa1+ 31.Bxa1 Bb5 32.Kd2 Kc6 33.Bd4 Bxd3 34.Bxd3 Nc5 35.Bc2 Ne4+ 36.Ke2 h5
37.Kf3 Nd2+ 38.Ke2 Ne4 39.Bb2 g6 40.Kf3 Nd2+ 41.Ke2 Ne4 42.Bc1 Nc3+ 43.Kf3 Bc5
44.Bd2 Kd7 45.h3 Be7  1/2-1/2

[Event "Novosibirsk tt"]
[Site "Novosibirsk"]
[Date "1986.??.??"]
[Round "?"]
[White "Shabalov, Alexander"]
[Black "Ivanchuk, Vassily"]
[Result "1-0"]
[WhiteElo "2365"]
[BlackElo "2390"]

1.Nf3 d5 2.g3 Nf6 3.Bg2 e6 4.O-O Be7 5.d4 O-O 6.c4 dxc4 7.Qc2 a6 8.Nbd2 b5
9.Ng5 Ra7 10.b3 cxb3 11.Nxb3 Bb7 12.Bxb7 Rxb7 13.e4 Nfd7 14.Nf3 c5 15.dxc5 Nxc5
16.Nxc5 Qc8 17.Be3 Rc7 18.Qb3 Bxc5 19.Bf4 Rb7 20.Rac1 Nd7 21.Ne5 Nxe5 22.Bxe5 Rb6
23.Rc3 Rc6 24.Rfc1 g5 25.Qc2 f6 26.Bd4 Bxd4 27.Rxc6 Qd7 28.Rc7 Qe8 29.Qc6 Qxc6
30.R1xc6 f5 31.Rd7  1-0

[Event "Paris"]
[Site "Paris"]
[Date "1986.??.??"]
[Round "?"]
[White "Haik, Aldo"]
[Black "Marjanovic, Slavoljub"]
[Result "0-1"]
[WhiteElo "2450"]
[BlackElo "2515"]

1.Nf3 d5 2.g3 Nf6 3.Bg2 c5 4.d3 Nc6 5.Nbd2 Bf5 6.O-O e6 7.c4 Be7 8.b3 h6
9.Bb2 O-O 10.a3 Re8 11.Ne5 Nxe5 12.Bxe5 Qd7 13.Qb1 Ng4 14.Bb2 Rad8 15.h3 Nf6
16.b4 b6 17.bxc5 Bxc5 18.Be5 Nh7 19.Qb2 f6 20.Bd4 Bf8 21.cxd5 exd5 22.g4 Bg6
23.Nf3 h5 24.Nh4 Bf7 25.f3 Ng5 26.Bf2 Ne6 27.d4 Nf4 28.e3 Nd3 29.Qd2 Nxf2
30.Kxf2 Rc8 31.Qd3 Rc6 32.Ng6 Bd6 33.gxh5 Qc7 34.Ra2 Rc3 35.Qb5 Bg3+ 36.Kg1 Rcxe3
37.f4 Qc4 38.Qxc4 dxc4 39.d5 c3 40.Rc2 Rd3 41.Rfc1 Bxg6 42.hxg6  0-1

[Event "POL-chT"]
[Site "Porabka"]
[Date "1986.??.??"]
[Round "?"]
[White "Doda, Zbigniew"]
[Black "Seifert, Henryk"]
[Result "0-1"]
[WhiteElo "2350"]
[BlackElo "2260"]

1.Nf3 d5 2.g3 Nf6 3.Bg2 Bf5 4.b3 e6 5.Bb2 Be7 6.c4 c6 7.O-O h6 8.d3 O-O 9.Nbd2 Nbd7
10.Qc2 Bh7 11.a3 a5 12.Bc3 Qb8 13.Qb2 b5 14.cxb5 Qxb5 15.Ne5 Nxe5 16.Bxe5 Rfc8
17.h3 Ne8 18.Bc3 Rab8 19.Rab1 c5 20.Qa2 Nd6 21.Nf3 Qa6 22.Rbc1 Qb5 23.Rb1 a4
24.bxa4 Qxa4 25.Rxb8 Rxb8 26.Rb1 Ra8 27.Be5 c4 28.Qd2 Qxa3 29.Ra1 Qxa1+ 30.Bxa1 Rxa1+
31.Kh2 Bf6 32.Qb4 Be7 33.Qb8+ Bf8 34.Ne5 c3 35.Nd7 Bf5 36.Nxf8 c2 37.Ng6+ Kh7
38.Nf8+ Kg8 39.Ng6+ Kh7 40.Ne7 h5 41.Qg8+ Kh6 42.Qh8+ Bh7 43.Ng8+ Kg6 44.Ne7+ Kf6
45.Qd8 c1=Q 46.h4 Nb7 47.Nxd5+ Kg6 48.Ne7+ Kh6 49.Bxb7 f6 50.Bf3 Qg1+ 51.Kh3 Qf1+
52.Kh2 Qxf2+ 53.Bg2 Qxe2 54.Qd4 Qe5 55.Qf2 Bg6 56.d4 Qd6 57.Nc6 Kh7 58.d5 e5
59.Qb2 Rb1 60.Qa2 Rc1 61.Qa8 Bf5 62.Nd8 Qc5  0-1

[Event "POL-chT"]
[Site "Porabka"]
[Date "1986.??.??"]
[Round "?"]
[White "Doda, Zbigniew"]
[Black "Ehrenfeucht, Wojciech"]
[Result "1-0"]
[WhiteElo "2350"]
[BlackElo "2320"]

1.Nf3 d5 2.g3 c6 3.Bg2 Bf5 4.b3 h6 5.Bb2 e6 6.O-O Nf6 7.d3 Bc5 8.Nbd2 O-O
9.c4 Nbd7 10.a3 a5 11.Qc2 Bh7 12.Bc3 b5 13.cxb5 cxb5 14.b4 axb4 15.Bxb4 Bxb4
16.axb4 Qe7 17.Qb3 e5 18.Bh3 e4 19.dxe4 dxe4 20.Nd4 Qe5 21.e3 Qh5 22.Bg2 Ne5
23.Ra5 Rxa5 24.bxa5 Nc4 25.Nxc4 bxc4 26.Qa3 Ng4 27.h3 Ne5 28.Ra1 Nf3+ 29.Kh1 Ra8
30.a6 Qd5 31.a7 Nxd4 32.exd4 Qxd4 33.Rb1 Qd8 34.Rb7 Qc8 35.Qe7 Bg6 36.Kh2 Qc6
37.Rb8+ Kh7  1-0

[Event "POL-chT"]
[Site "Porabka"]
[Date "1986.??.??"]
[Round "?"]
[White "Dejkalo, Stefan"]
[Black "Matlak, Marek"]
[Result "1/2-1/2"]
[WhiteElo "2450"]
[BlackElo "2375"]

1.Nf3 d5 2.g3 Nf6 3.Bg2 Bf5 4.O-O e6 5.c4 c6 6.b3 h6 7.Bb2 Be7 8.d3 O-O 9.Nbd2 Nbd7
10.Qc2 Bh7 11.Bc3 a5 12.a3 Qb8 13.Qb2 b5 14.cxd5 cxd5 15.b4 Nb6 16.Be5 Qb7
17.Rfc1 Rfc8 18.Rxc8+  1/2-1/2

[Event "CSR-ch"]
[Site "Prague"]
[Date "1986.??.??"]
[Round "13"]
[White "Banas, Jan"]
[Black "Blatny, Pavel"]
[Result "1/2-1/2"]
[WhiteElo "2395"]
[BlackElo "2415"]

1.Nf3 d5 2.g3 Nf6 3.Bg2 e6 4.O-O Be7 5.d3 c5 6.Nbd2 Nc6 7.e4 O-O 8.Re1 b5
9.e5 Ne8 10.Nf1 f5 11.exf6 Bxf6 12.Ne3 Nd6 13.Ng4 b4 14.Nfe5 Nxe5 15.Nxe5 Nf7
16.Bf4 Nxe5 17.Bxe5 Bxe5 18.Rxe5 Rxf2 19.Qe1 Rf8 20.Bh3 Kh8 21.Bxe6 Bb7 22.Bh3 d4
23.Bg2 Bxg2 24.Kxg2 Qf6 25.Qe2 Qf7 26.Re7 Rae8 27.Rxf7 Rxe2+ 28.Kf1 Rxf7+
29.Kxe2 g6 30.a3 Re7+ 31.Kd2 a5 32.axb4 axb4 33.Rf1 Kg7 34.Rf2 Kh6 35.c3 bxc3+
36.bxc3 Ra7 37.cxd4 cxd4 38.Ke2 Rd7 39.Kd2 Ra7 40.Ke2  1/2-1/2

[Event "Reggio Emilia8687"]
[Site "Reggio Emilia"]
[Date "1986.??.??"]
[Round "?"]
[White "Andersson, Ulf"]
[Black "Nogueiras, Jesus"]
[Result "1-0"]
[WhiteElo "2600"]
[BlackElo "2570"]

1.Nf3 d5 2.g3 b6 3.Bg2 Bb7 4.O-O e6 5.d4 Nf6 6.c4 dxc4 7.Qa4+ Nbd7 8.Bg5 c5
9.Bxf6 gxf6 10.Qxc4 Bg7 11.Nc3 O-O 12.Rfd1 cxd4 13.Qxd4 Bc6 14.Qe3 Rc8 15.Nd4 Bxg2
16.Kxg2 a6 17.Rac1 f5 18.Nf3 Rc7 19.Na4 Qb8 20.Qd3 b5 21.Rxc7 Qxc7 22.Qxd7 Qxd7
23.Rxd7 bxa4 24.Rb7 Bf6 25.Rb4 a3 26.bxa3 Rc8 27.e3 Rc2 28.Ra4 Rxa2 29.Rxa6 Be7
30.a4 Bc5 31.Kf1 Ra1+ 32.Kg2 Ra2 33.Nd4 Bxd4 34.exd4 Rd2 35.Rd6 Kf8 36.a5 Ke7
37.Rb6 Rxd4 38.a6 Ra4 39.Rb7+ Kf6 40.a7 Ra3 41.Kf1 Kg6 42.Ke2 f4 43.gxf4 f6
44.Kd2 Kf5 45.Rxh7 Kxf4 46.Rg7 f5 47.h4 Ke5 48.h5  1-0

[Event "Rome-B"]
[Site "Rome"]
[Date "1986.??.??"]
[Round "?"]
[White "Sibilio, Mario"]
[Black "Teschner, Rudolf"]
[Result "1-0"]
[WhiteElo "2305"]
[BlackElo "2330"]

1.Nf3 d5 2.g3 Nf6 3.Bg2 c6 4.O-O Bf5 5.d3 h6 6.Nbd2 Bh7 7.c4 e6 8.cxd5 exd5
9.e4 dxe4 10.dxe4 Be7 11.e5 Nd5 12.e6 fxe6 13.Nd4 Nc7 14.Qh5+ g6 15.Qg4 h5
16.Qe4 Qd7 17.N2f3 Qd5 18.Qe3 Bf6 19.Qf4 Qd8 20.Qe4 g5 21.Qe3 Qd6 22.Nb3 Rg8
23.Nfd2 Nd5 24.Qe2 g4 25.Be4 Qe5 26.Nc4 Qc7 27.Bxd5 cxd5 28.Qxe6+ Qe7 29.Nd6+ Kf8
30.Bh6+ Bg7 31.Qc8+  1-0

[Event "Sao Paulo"]
[Site "Sao Paulo"]
[Date "1986.??.??"]
[Round "?"]
[White "Loureiro, Luiz"]
[Black "Limp, Eduardo"]
[Result "1/2-1/2"]
[WhiteElo "2295"]
[BlackElo "2275"]

1.Nf3 d5 2.g3 Nf6 3.Bg2 c6 4.d3 Bf5 5.Nbd2 h6 6.O-O e6 7.c4 Nbd7 8.b3 Be7
9.Bb2 Bh7 10.a3 a5 11.Rc1 O-O  1/2-1/2

[Event "Sao Paulo"]
[Site "Sao Paulo"]
[Date "1986.??.??"]
[Round "?"]
[White "Limp, Eduardo"]
[Black "Van Riemsdijk, Dirk D"]
[Result "1/2-1/2"]
[WhiteElo "2275"]
[BlackElo "2280"]

1.Nf3 d5 2.g3 g6 3.Bg2 Bg7 4.O-O e5 5.d3 Ne7 6.Nbd2 O-O 7.e4 Nbc6 8.exd5 Nxd5
9.Re1 Re8 10.Nc4 Nb6 11.Bg5 f6 12.Nxb6 axb6 13.Bd2 Be6 14.Bc3  1/2-1/2

[Event "Sarajevo"]
[Site "Sarajevo"]
[Date "1986.??.??"]
[Round "5"]
[White "Dizdarevic, Emir"]
[Black "Petrosian, Arshak B"]
[Result "1-0"]
[WhiteElo "2465"]
[BlackElo "2495"]

1.Nf3 d5 2.g3 Nf6 3.c4 e6 4.Bg2 dxc4 5.Qa4+ Nbd7 6.Qxc4 c5 7.Qb3 Rb8 8.d3 Bd6
9.Nc3 a6 10.O-O O-O 11.Ng5 Bc7 12.Nge4 b6 13.Rd1 Nxe4 14.Nxe4 Bb7 15.d4 Bd5
16.Qc2 cxd4 17.Ng5 Nf6 18.Bxd5 exd5 19.Nf3 b5 20.Bg5 Bb6 21.Ne5 Re8 22.Ng4 Re4
23.Nxf6+ gxf6 24.Bf4 Rc8 25.Qd3 Qe7 26.Kf1 Re8 27.Rd2 Bc7 28.Bxc7 Qxc7 29.f3 Re3
30.Qxd4 Qc4 31.Qxd5 Qxd5 32.Rxd5 Rxe2 33.Rd8 Re1+ 34.Rxe1 Rxd8 35.Ke2 Kf8
36.Rc1 Rd6 37.Rc5 Ke7 38.Rh5 Rc6 39.Kd2 Rd6+ 40.Kc3 Re6 41.f4 Re2 42.Rxh7 a5
43.a3 b4+ 44.axb4 axb4+ 45.Kb3 Rg2 46.Rh5 Ke6 47.Rb5 Rxh2 48.Rxb4 Kd6 49.Rb6+ Ke7
50.Rb8 Rg2 51.Rg8 f5 52.Kc3 Kd6 53.b3 Rg1 54.Kb4 f6 55.Kb5 Rb1 56.b4 Rb3
57.Rd8+ Ke6 58.Rd4 Rxg3 59.Kc4 Rg1 60.b5 Rc1+  1-0

[Event "Sarajevo"]
[Site "Sarajevo"]
[Date "1986.??.??"]
[Round "6"]
[White "Dizdarevic, Emir"]
[Black "Campora, Daniel H"]
[Result "1/2-1/2"]
[WhiteElo "2465"]
[BlackElo "2530"]

1.Nf3 d5 2.g3 Bg4 3.Bg2 Nd7 4.d3 e5 5.O-O Ngf6 6.Nbd2 Bc5 7.e4 dxe4 8.dxe4 O-O
9.Qe1 Ne8 10.Nc4 f6 11.Ne3 Be6 12.Nh4 Nd6 13.Kh1 Re8 14.Nhf5 Nc4 15.Qe2  1/2-1/2

[Event "URS-ch sf"]
[Site "Sevastopol"]
[Date "1986.??.??"]
[Round "?"]
[White "Pigusov, Evgeny"]
[Black "Aseev, Konstantin N"]
[Result "1/2-1/2"]
[WhiteElo "2495"]
[BlackElo "2440"]

1.Nf3 d5 2.g3 Nf6 3.Bg2 e6 4.O-O Be7 5.c4 O-O 6.d4 dxc4 7.Qa4 a6 8.Qxc4 b5
9.Qc2 Bb7 10.Bd2 Be4 11.Qc1 Bb7 12.Qc2 Be4 13.Qc1 Bb7 14.Rd1 Qc8 15.Ba5 Bd6
16.Nbd2 Nc6 17.Nb3 Nxa5 18.Nxa5 Bd5 19.Nc6 a5 20.Nfe5 Ra6 21.Bxd5 exd5 22.Qc2 Qh3
23.Qb3 a4 24.Qf3 Ne4 25.Rac1 a3 26.b3 b4 27.Nd3 Nc3 28.Rxc3 bxc3 29.Qxd5 Qe6
30.Qf3 Re8 31.e3 c2 32.Rc1 Qg6 33.Nde5 Bxe5 34.Nxe5 Rxe5 35.dxe5 Qd3 36.Qb7 g6
37.Rxc2 Qxc2 38.Qc8+  1/2-1/2

[Event "Sochi"]
[Site "Sochi"]
[Date "1986.??.??"]
[Round "3"]
[White "Hodgson, Julian M"]
[Black "Chernin, Alexander"]
[Result "1/2-1/2"]
[WhiteElo "2500"]
[BlackElo "2565"]

1.g3 d5 2.Nf3 c6 3.Bg2 Bg4 4.d3 Nd7 5.O-O e5 6.Nbd2 Ngf6 7.e4 Bd6 8.h3 Bh5
9.Qe1 O-O 10.Nh4 Re8 11.Nf5 Bc7 12.Nf3 Nf8 13.Bd2 a5 14.N3h4 Ne6 15.Kh1 dxe4
16.dxe4 Nd7 17.Bf3 Bxf3+ 18.Nxf3 Qf6 19.Rd1 Ndc5 20.c3 h5 21.Qe3 g6  1/2-1/2

[Event "Sochi"]
[Site "Sochi"]
[Date "1986.??.??"]
[Round "8"]
[White "Eingorn, Vereslav S"]
[Black "Meduna, Eduard"]
[Result "1/2-1/2"]
[WhiteElo "2570"]
[BlackElo "2485"]

1.Nf3 d5 2.g3 c6 3.Bg2 Bg4 4.b3 e6 5.Bb2 Nf6 6.O-O Be7 7.d3 O-O 8.Nbd2 a5
9.a4 Na6 10.h3 Bh5 11.g4 Bg6 12.Ne5 Nd7 13.Ndf3 Nac5 14.Qd2 Qc7 15.e3 Rfe8
16.Kh1 Bf6 17.d4 Be4 18.Rad1 Nxe5 19.Nxe5 Bxg2+ 20.Kxg2  1/2-1/2

[Event "Sochi"]
[Site "Sochi"]
[Date "1986.??.??"]
[Round "14"]
[White "Hodgson, Julian M"]
[Black "Geller, Efim P"]
[Result "1/2-1/2"]
[WhiteElo "2500"]
[BlackElo "2490"]

1.g3 d5 2.Nf3 c6 3.Bg2 Bg4 4.b3 Nd7 5.Bb2 Ngf6 6.d3 e6 7.Nbd2 Be7 8.h3 Bxf3
9.Nxf3 Ba3 10.Bc3 Qe7 11.O-O Bb4 12.Bb2 Ba3 13.Bc3 Bb4 14.Bb2 Ba3 15.Bc3  1/2-1/2

[Event "BUL-DDR (Women)"]
[Site "Sofia"]
[Date "1986.??.??"]
[Round "2"]
[White "Voiska, Margarita"]
[Black "Heintze, Marion"]
[Result "1-0"]
[WhiteElo "2245"]
[BlackElo "2190"]

1.Nf3 d5 2.g3 Nf6 3.Bg2 c6 4.c4 Bg4 5.Ne5 Be6 6.cxd5 Bxd5 7.Nf3 e5 8.Nc3 Bxf3
9.Bxf3 Be7 10.d3 O-O 11.O-O Na6 12.Bg2 Nb4 13.Qb3 Qd7 14.Bg5 Nbd5 15.Rad1 h6
16.Bc1 Rad8 17.a3 c5 18.Kh1 b6 19.f4 exf4 20.gxf4 Nxc3 21.Qxc3 Qd4 22.Qe1 Qd7
23.e4 Rfe8 24.e5 Nd5 25.Qg3 f5 26.Bf3 Bf8 27.Qg2 Re6 28.Rg1 Ne7 29.Qh3 Kh7
30.Be3 g6 31.d4 cxd4 32.Rxd4 Qe8 33.Rgd1 Rxd4 34.Rxd4 Qb5 35.Qg2 Qb3 36.Qd2 b5
37.Rd7 Kh8 38.Rxa7 Qc4 39.Qe2 Qa2 40.Kg2 Qb3 41.Qd2 g5 42.fxg5 f4 43.Bxf4 Nf5
44.Qc3 Qxc3 45.bxc3 hxg5 46.Bd5 Re7 47.Ra8 Kg7 48.Bxg5 Rxe5 49.c4 bxc4 50.Bxc4 Nd6
51.Bf4 Re4 52.Bxd6 Bxd6 53.Bf1 Rg4+ 54.Kf3 Rf4+ 55.Ke2 Bc5 56.h3 Rf2+ 57.Ke1 Ra2
58.a4 Bb4+ 59.Kd1 Rd2+ 60.Kc1 Rf2 61.Bc4 Rf3 62.Be6 Re3 63.Bg4 Re5 64.Rb8 Be1
65.Kc2 Ba5 66.Kd3 Be1 67.Rc8 Bf2 68.Rc4 Re3+ 69.Kd2 Re5 70.Kd3 Re3+ 71.Kc2 Re5
72.Rf4 Bg3 73.Rf3 Be1 74.Kd3 Bh4 75.Kc4 Re4+ 76.Kb5 Be1 77.Ra3 Re5+ 78.Kc6 Bb4
79.Rd3 Rc5+ 80.Kb6 Re5 81.Kc6 Kh6 82.Rd4 Be1 83.Bd7 Bf2 84.Rc4 Be1 85.Kb7 Rd5
86.Kc8 Re5 87.Rd4 Bf2 88.Rd3 Be1 89.Kc7 Bb4 90.Rb3 Bd2 91.Rd3 Bb4 92.Bc6 Re7+
93.Kb6 Re6 94.Kb5 Be1 95.a5 Re2 96.a6 Rb2+ 97.Kc4 Bf2 98.Bb5 Rc2+ 99.Kb3 Rc7
100.Rf3 Bg1 101.Bc4 Re7 102.Rf1 Ba7 103.Kb4 Kg5 104.Rf8 Rh7 105.Be6 Rc7 106.Rf5+ Kg6
107.h4 Re7 108.h5+ Kh6 109.Bd5 Rg7 110.Bf3 Rc7 111.Rf6+ Kg5 112.Rg6+ Kf4
113.Bg4 Bd4 114.Be6 Ke5 115.h6 Rc1 116.h7 Rb1+ 117.Kc4 Rc1+ 118.Kd3 Rd1+
119.Ke2 Rh1 120.Bg8 Rh2+ 121.Kf3 Kf5 122.Rd6 Bg1 123.Kg3  1-0

[Event "BUL-DDR (Women)"]
[Site "Sofia"]
[Date "1986.??.??"]
[Round "2"]
[White "Peicheva Hansen, Evgenia"]
[Black "Wagner Michel, Annett"]
[Result "1/2-1/2"]
[WhiteElo "1965"]
[BlackElo "2110"]

1.Nf3 d5 2.g3 Nc6 3.Bg2 e5 4.d3 Nf6 5.O-O Be7 6.c4 O-O 7.Nc3 Bg4 8.cxd5 Nxd5
9.Nxd5 Qxd5 10.Be3 Qe6 11.Qa4 a6 12.Rac1 Bh3 13.Qc4 Qxc4 14.dxc4 Bxg2 15.Kxg2 Rad8
16.Rfd1 Rxd1 17.Rxd1 Rd8 18.Rxd8+ Bxd8 19.Bd2 Be7 20.Bc3 e4 21.Ne5 Nxe5 22.Bxe5 c6
23.Bd4 f5 24.Kf1 Kf7 25.Ke1 g5 26.h3 g4 27.h4 f4 28.Be5 f3 29.e3 Ke6 30.Bd4 b5
31.cxb5 axb5 32.Bc3 Kd5 33.b3 Bd6 34.Kd1 Kc5 35.Ke1 Kd5 36.Kd1 c5 37.Ke1 b4
38.Bf6 c4 39.Kd1 c3 40.Ke1 h5 41.Bg7 Bc7 42.Bf6 Bd6 43.Bg7 Bc7 44.Bf6  1/2-1/2

[Event "BUL-DDR"]
[Site "Sofia"]
[Date "1986.??.??"]
[Round "2"]
[White "Espig, Lutz"]
[Black "Radulov, Ivan"]
[Result "1/2-1/2"]
[WhiteElo "2395"]
[BlackElo "2405"]

1.Nf3 d5 2.g3 g6 3.Bg2 Bg7 4.d4 Nf6 5.O-O O-O 6.c4 c6 7.cxd5 cxd5 8.Nc3 Ne4
9.Ne5 Nxc3 10.bxc3 Nd7 11.Nxd7 Qxd7 12.Qb3 Rd8 13.a4 b6 14.a5 Ba6 15.axb6 axb6
16.Qb2 Bc4 17.Bf4  1/2-1/2

[Event "BCF-ch"]
[Site "Southampton"]
[Date "1986.??.??"]
[Round "1"]
[White "Bell, Stephen"]
[Black "Martin, Andrew D"]
[Result "1/2-1/2"]
[WhiteElo "2360"]
[BlackElo "2370"]

1.Nf3 d5 2.g3 c6 3.Bg2 Bg4 4.b3 Nd7 5.Bb2 e6 6.O-O Ngf6 7.c4 Bd6 8.Nc3 O-O
9.h3 Bh5 10.cxd5 Bxf3 11.Bxf3 exd5 12.Qc2 Re8 13.Rfe1 Qb6 14.e3 Re6 15.Bg2 Rae8
16.Rf1 Qa6 17.d3 Ba3 18.Bxa3 Qxa3 19.Ne2 g6 20.b4 a5 21.bxa5 Qxa5 22.Rfb1 Qa7  1/2-1/2